000 00900nam a2200301 a 4500
001 000110249
003 CHAP
005 20220329144123.0
008 140806s2013 it d |r| ||||||eng d
010 _a106711
011 _a107683
020 _a9789251077252
040 _cCHAP
082 0 4 _a636.08
_bF3y.Dir. v.14
245 1 0 _aIn vivo conservation of animal genetic resources /
_cpor FAO.
260 _aRoma :
_bFAO,
_c2013.
300 _axxiv, 242 p. :
_bdiagrs.
490 1 _aFAO. Producción y sanidad animal. Directrices
_v; 14
590 _aE11695DGD
_b10
_c20140806
_lUCH01
_h1151
590 _aE5995AHE
_b05
_c20140806
_lUCH01
_h1026
650 1 4 _aGanado
_xRazas.
_944950
650 1 4 _aProducción animal.
_991859
650 1 4 _aRecursos genéticos.
_995078
830 0 _aFAO. Producción y sanidad animal. Directrices
_v; 14
_939658
901 _aBK
942 _cLIBRO
942 _n0
999 _c106711
_d106711